Escuela y TIC /
El uso de tecnología en el aula y la posibilidad de que todo alumno cuente con una computadora portátil fomenta otras formas de abordar el conocimiento. ¿Cómo se modifica la relación entre alumnos y docentes? ¿Qué cambios traen las computadoras a la escuela?.
Guardado en:
| Autor Principal: | |
|---|---|
| Autor Corporativo: | |
| Otros Autores: | |
| Formato: | |
| Publicado: |
Argentina,
2012.
|
| Series: | En el medio digital
|
| Materias: | |
| Acceso en línea: | https://www.educ.ar/recursos/102973/escuela-y-tic |
| Etiquetas: |
Agregar Etiqueta
Sin Etiquetas, Sea el primero en etiquetar este registro!
|
| LEADER | 01213ngm a22003255g 4500 | ||
|---|---|---|---|
| 001 | CEM.cems024131 | ||
| 008 | 130507s2012##################0###0#####d | ||
| 005 | 20250825182145.0 | ||
| 245 | 1 | 0 | |a Escuela y TIC / |c Benjamin Avila, Maximiliano Dubois y Lorena Muñoz. |
| 260 | |a Argentina, |c 2012. | ||
| 300 | |a 27'. | ||
| 490 | 0 | |a En el medio digital | |
| 500 | |a Consultar en ventanilla. | ||
| 538 | |a Soporte: DVD - Grabación DRD | ||
| 520 | |a El uso de tecnología en el aula y la posibilidad de que todo alumno cuente con una computadora portátil fomenta otras formas de abordar el conocimiento. ¿Cómo se modifica la relación entre alumnos y docentes? ¿Qué cambios traen las computadoras a la escuela?. | ||
| 100 | 1 | |a Avila, Benjamin. | |
| 700 | 1 | |a Gisela Busaniche. | |
| 710 | 2 | |a Canal Encuentro. | |
| 082 | 6 | 0 | |/ AVI |
| 653 | |a DIGITAL | ||
| 653 | |a ESCUELA | ||
| 653 | |a TIC | ||
| 653 | |a INFORMÁTICA | ||
| 653 | |a TECNOLOGÍA | ||
| 653 | |a INFORMACIÓN | ||
| 653 | |a EDUCACIÓN | ||
| 653 | |a SISTEMA EDUCATIVO | ||
| 653 | |a PROGRAMA DE TELEVISIÓN | ||
| 856 | |u https://www.educ.ar/recursos/102973/escuela-y-tic | ||
| 859 | |a CEMS |b BIB. CEMS - Depto. Recursos Didacticos |h 604 |i AVI |k DRD |p 2774.19 |t Ej.1 | ||
